000 00439nam a2200181Ia 4500
001 10137
005 20260306161809.0
008 260306t2006||||xx |||||||||||||| ||spa||
041 _aESP
082 _a901
_bH85
100 _aHubeƱak, Florencio
_eAUT
245 0 _aHistoria integral de occidente:
_bdesde una perspectiva cristiana
260 _c2006
300 _a
_c
650 _aGEN
654 _aCHU
942 _cLIB
_dJUS
_fJUS
_2ddc
_n
999 _c10137
_d10137